000 00304nam a22001337a 4500
008 181011b xxu||||| |||| 00| 0 eng d
020 _a0883165376
041 _aeng
080 _a340
100 _a15
101 _aSHJ
245 _aThe Enterprise of Public Administration
_cWaldo,D
942 _2udc
_cBK
999 _c49401
_d49401